|
|
|
|
| LEADER |
00000nam a22000007a 4500 |
| 005 |
20220916231026.0 |
| 007 |
cr|||| |||| |
| 008 |
220916c19999999us br|w s|||| 0|||b1eng d |
| 022 |
|
|
|a 0731-5732
|
| 035 |
|
|
|a 36445
|
| 040 |
|
|
|a vLex
|
| 090 |
|
|
|c 13929
|d 13929
|
| 245 |
0 |
3 |
|a The Environmental FORUM
|h [Recurso electrn̤ico] /
|
| 256 |
|
|
|a Servicio en ln̕ea
|
| 260 |
|
|
|a Washington DC:
|b Environmental Law Institute,
|c 1999 -
|
| 300 |
|
|
|a 1 recurso electrn̤ico
|
| 310 |
|
|
|a Bimestral
|
| 506 |
1 |
|
|a Disponible solo en los productos indicados
|d vLex Global
|d vLex Global (Academic Edition, excluding Law Schools)
|d vLex Global (Academic Edition, Law Schools)
|
| 650 |
0 |
4 |
|a Derecho Comunitario
|z Estados Unidos
|
| 740 |
0 |
|
|a vLex Revistas (Servicio en ln̕ea)
|
| 856 |
4 |
0 |
|u https://app.vlex.com/#/sources/36445
|z Acceso restringido
|
| 942 |
|
|
|c REV
|
| 999 |
0 |
|
|a Community Law
|